Science Quiz

Random Science or Animal Quiz
Score 0/18 Timer 05:00
7 Plays Today
% Correct
Giraffe
99.6%
Zebra
96.6%
Koala
93.1%
Giant Panda
91.1%
Orangutan
90.1%
Siberian Tiger
89.9%
Hedgehog
84%
Stingray
82.1%
Cheetah
82%
% Correct
Gentoo Penguin
81.9%
River Otter
81.8%
Jaguar
71.8%
Aardvark
65.9%
Meerkat
62.4%
Red Panda
60.4%
Porcupine
59.3%
Lemur
56.1%
Pygmy Slow Loris
15%
Remove Ads.
Support Sporcle.
Get the best of Sporcle when you Go Orange. This ad-free experience offers more features, more stats, and more fun while also helping to support Sporcle. Thank you for becoming a member.

You're not logged in!

Compare scores with friends on all Sporcle quizzes.
OR
Log In

Sporcle TV

Today on Sporcle TV


Watch our educational content, quiz creation guides, and fun videos on Sporcle TV.

Show Comments

Extras

Top Quizzes Today


Score Distribution

Paid Content

Your Account Isn't Verified!

In order to create a playlist on Sporcle, you need to verify the email address you used during registration. Go to your Sporcle Settings to finish the process.

Report this User

Report this user for behavior that violates our Community Guidelines.

Details: